| 000 | 01448cam a2200337 a 4500 | ||
|---|---|---|---|
| 001 | 13720036 | ||
| 003 | CEME | ||
| 005 | 20210628201546.0 | ||
| 008 | 040915s2004 enka b 001 0 eng | ||
| 010 | _a 2004558271 | ||
| 015 | _aGBA3-U2962 | ||
| 020 | _a0470861045 | ||
| 035 | _a(OCoLC)ocm53155658 | ||
| 040 |
_aUKM _cUKM _dC#P _dUNA _dDLC |
||
| 042 | _alccopycat | ||
| 050 | 0 | 0 |
_aTK5103.452 _b.C45 2004 |
| 082 | 0 | 4 |
_a621.3845 _221 |
| 100 | 1 |
_aChitrapu, Prabhakar. _955834 |
|
| 245 | 1 | 0 |
_aWideband TDD : _bWCDMA for the unpaired spectrum / _cPrabhakar Chitrapu ; with a foreword by Alain Briancon. |
| 260 |
_aChichester ; _aHoboken, NJ : _bWiley, _cc2004. |
||
| 300 |
_axxxiv, 251 p. : _bill. ; _c26 cm. |
||
| 504 | _aIncludes bibliographical references and index. | ||
| 505 | 2 | _aIntroduction -- System architecture and services -- Fundamentals of TDD-WCDMA -- TDD radio interface -- TDD procedures -- Receiver signal processing -- Radio resource management -- Deployment scenarios -- Alternate technologies. | |
| 650 | 0 |
_aCode division multiple access. _955835 |
|
| 650 | 0 |
_aMobile communication systems. _918556 |
|
| 650 | 0 |
_aBroadband communication systems. _93503 |
|
| 650 | 0 |
_aWireless communication systems. _9594 |
|
| 856 | 4 | 1 |
_3Table of contents only _uhttp://www.loc.gov/catdir/toc/wiley051/2004558271.html |
| 856 | 4 | 2 |
_3Publisher description _uhttp://www.loc.gov/catdir/enhancements/fy0621/2004558271-d.html |
| 942 |
_2ddc _cBK |
||
| 999 |
_c566491 _d566491 |
||